De la libertad religiosa / (Record no. 151876)

MARC details
000 -LEADER
campo de control de longitud fija 00744nam a2200229 4500
001 - NÚMERO DE CONTROL
campo de control 151876
003 - IDENTIFICADOR DE NÚMERO DE CONTROL
campo de control ES-MaACL
005 - FECHA Y HORA DE LA ÚLTIMA TRANSACCIÓN
campo de control 20230906204427.0
008 - DATOS DE LONGITUD FIJA--INFORMACIÓN GENERAL
campo de control de longitud fija 950308q18201850sp |||| | spa d
040 ## - FUENTE DE CATALOGACIÓN
Centro catalogador/agencia de origen EUS
Lengua de catalogación spa
Centro/agencia transcriptor EUS
080 ## - NÚMERO DE LA CLASIFICACIÓN DECIMAL UNIVERSAL
Número de la Clasificación Decimal Universal 261.7
100 0# - ENTRADA PRINCIPAL--NOMBRE DE PERSONA
Nombre de persona Benoit, A. V.
9 (RLIN) 27751
245 10 - MENCIÓN DEL TÍTULO
Título De la libertad religiosa /
Mención de responsabilidad, etc. traducido del francés del Señor A.V. Benoit ; por Josef Marchena.
260 ## - PUBLICACIÓN, DISTRIBUCIÓN, ETC.
Lugar de publicación, distribución, etc. Barcelona :
Nombre del editor, distribuidor, etc. [s.n.,
Fecha de publicación, distribución, etc. s.a.]
300 ## - DESCRIPCIÓN FÍSICA
Extensión 510 p. ;
Dimensiones 22 cm.
596 ## - NOTA AL PIE DE IMPRENTA
NOTA AL PIE DE IMPRENTA BNP, recoge edición en Montpellier en 1820.
596 ## - NOTA AL PIE DE IMPRENTA
NOTA AL PIE DE IMPRENTA La producción de Josef Marchena ca. 1820-1850.
650 #4 - PUNTO DE ACCESO ADICIONAL DE MATERIA--TÉRMINO DE MATERIA
Término de materia o nombre geográfico como elemento de entrada Libertad religiosa.
9 (RLIN) 14416
700 0# - ENTRADA AGREGADA--NOMBRE PERSONAL
Nombre de persona Marchena, José.
9 (RLIN) 76419
852 ## - LOCALIZACIÓN
Ubicación ES-MaACL
Número de control de estantería C-3336
Nota libre -- Enc. hol.
Holdings
Estatus retirado Estado de pérdida Estado de daño No para préstamo Biblioteca de origen Biblioteca actual Ubicación en estantería Fecha de adquisición Fuente de adquisición Total de préstamos Signatura topográfica completa Código de barras Visto por última vez Precio de reemplazo Tipo de ítem Koha
        Biblioteca del Ateneo de Madrid Biblioteca del Ateneo de Madrid Sala Palomar 17/01/2008     C-3336 1158521 23/02/2023 23/02/2023 Libro impreso